000 00627nam a2200205Ia 4500
003 GCL
008 140319s9999 xx 000 0 ara d
040 _aGCL /
_cGCL
082 0 4 _a813.01
_bم م
100 1 _aمحمد المنسى قنديل
245 1 0 _aمن قتل مريم الصافى /
_cمحمد المنسى قنديل
260 _a[S.N] :
_bدار الفكر للدراسات والنشر والتوزيع ،
_c1986
300 _a187 ص
490 _a
650 0 4 _aالادب العربى
650 0 4 _aالقصص القصيرة
650 0 4 _aالقصص
650 0 4 _aالمجموعات
942 _2ddc
_cBK
999 _c32426
_d32426